000 00362nam a22001577a 4500
005 20180412152329.0
008 160624b xxu||||| |||| 00| 0 eng d
041 _aeng
082 _b9769
_a348
100 _aShukla, T.N.
_9480
245 _aSale of Goods Act 1930
260 _bKamal Law House
_c2009
300 _a28
650 _aManagement
_9241
942 _cBK
999 _c3798
_d3797